<?xml version="1.0" encoding="UTF-8"?>
<record
    xmlns:xsi="http://www.w3.org/2001/XMLSchema-instance"
    xsi:schemaLocation="http://www.loc.gov/MARC21/slim http://www.loc.gov/standards/marcxml/schema/MARC21slim.xsd"
    xmlns="http://www.loc.gov/MARC21/slim">

  <leader>00897nam a22002297a 4500</leader>
  <controlfield tag="003">CBULib</controlfield>
  <controlfield tag="005">20240528130505.0</controlfield>
  <controlfield tag="008">231127b        |||||||| |||| 00| 0 eng d</controlfield>
  <datafield tag="040" ind1=" " ind2=" ">
    <subfield code="a">CBULib</subfield>
    <subfield code="b">English</subfield>
    <subfield code="c">CBULib</subfield>
    <subfield code="d">CBUlib</subfield>
    <subfield code="e">rda</subfield>
  </datafield>
  <datafield tag="050" ind1=" " ind2=" ">
    <subfield code="a">UNECA(08)BPS/09A</subfield>
  </datafield>
  <datafield tag="245" ind1=" " ind2=" ">
    <subfield code="a">Briefing paper series: Emerging Trends in the negotiations under WTO: Pertinent Issues of Concern to African Countries : Trade and Labour Standards under WTO negotiations.</subfield>
    <subfield code="b">/by United Nations Economic Commission for African( UNECA)</subfield>
  </datafield>
  <datafield tag="260" ind1=" " ind2=" ">
    <subfield code="a">Addis Ababa:</subfield>
    <subfield code="b">United Nations,</subfield>
    <subfield code="c">2001.</subfield>
  </datafield>
  <datafield tag="300" ind1=" " ind2=" ">
    <subfield code="a">iii,40 pages.</subfield>
  </datafield>
  <datafield tag="336" ind1=" " ind2=" ">
    <subfield code="2">rdacontent</subfield>
    <subfield code="a">Text |</subfield>
    <subfield code="b">txt</subfield>
  </datafield>
  <datafield tag="337" ind1=" " ind2=" ">
    <subfield code="2">rdamedia</subfield>
    <subfield code="a">Unmediated |</subfield>
    <subfield code="b">n</subfield>
  </datafield>
  <datafield tag="338" ind1=" " ind2=" ">
    <subfield code="2">rdacarrier</subfield>
    <subfield code="a">Volume</subfield>
    <subfield code="b">nc</subfield>
  </datafield>
  <datafield tag="490" ind1=" " ind2=" ">
    <subfield code="a">Briefing  Paper Series</subfield>
    <subfield code="x">No.9</subfield>
  </datafield>
  <datafield tag="504" ind1=" " ind2=" ">
    <subfield code="a">includes bibliography</subfield>
  </datafield>
  <datafield tag="610" ind1=" " ind2="0">
    <subfield code="a">United Nations Economic Commissions for Africa (UNECA)</subfield>
    <subfield code="9">631</subfield>
  </datafield>
  <datafield tag="630" ind1=" " ind2=" ">
    <subfield code="l">eng</subfield>
  </datafield>
  <datafield tag="942" ind1=" " ind2=" ">
    <subfield code="2">mc</subfield>
    <subfield code="c">029</subfield>
  </datafield>
  <datafield tag="999" ind1=" " ind2=" ">
    <subfield code="c">83565</subfield>
    <subfield code="d">83565</subfield>
  </datafield>
  <datafield tag="952" ind1=" " ind2=" ">
    <subfield code="0">0</subfield>
    <subfield code="1">0</subfield>
    <subfield code="2">mc</subfield>
    <subfield code="4">0</subfield>
    <subfield code="7">0</subfield>
    <subfield code="8">SC</subfield>
    <subfield code="a">001</subfield>
    <subfield code="b">001</subfield>
    <subfield code="c">SC</subfield>
    <subfield code="d">2023-11-27</subfield>
    <subfield code="e">DEP-UNECA</subfield>
    <subfield code="o">UNECA(08)BSP/2001/09A</subfield>
    <subfield code="p">45879</subfield>
    <subfield code="r">2023-11-27</subfield>
    <subfield code="t">1</subfield>
    <subfield code="w">2023-11-27</subfield>
    <subfield code="y">029</subfield>
  </datafield>
  <datafield tag="952" ind1=" " ind2=" ">
    <subfield code="0">0</subfield>
    <subfield code="1">0</subfield>
    <subfield code="2">mc</subfield>
    <subfield code="4">0</subfield>
    <subfield code="7">0</subfield>
    <subfield code="8">SC</subfield>
    <subfield code="a">001</subfield>
    <subfield code="b">001</subfield>
    <subfield code="c">SC</subfield>
    <subfield code="d">2023-11-27</subfield>
    <subfield code="e">DEP-UNECA</subfield>
    <subfield code="o">UNECA(08)BPS/2001/09B</subfield>
    <subfield code="p">45877</subfield>
    <subfield code="r">2023-11-27</subfield>
    <subfield code="t">1</subfield>
    <subfield code="w">2023-11-27</subfield>
    <subfield code="y">029</subfield>
  </datafield>
  <datafield tag="952" ind1=" " ind2=" ">
    <subfield code="0">0</subfield>
    <subfield code="1">0</subfield>
    <subfield code="2">mc</subfield>
    <subfield code="4">0</subfield>
    <subfield code="7">0</subfield>
    <subfield code="8">SC</subfield>
    <subfield code="a">001</subfield>
    <subfield code="b">001</subfield>
    <subfield code="c">SC</subfield>
    <subfield code="d">2023-11-27</subfield>
    <subfield code="e">DEP-UNECA</subfield>
    <subfield code="o">UNECA(08)BPS/2001/09C</subfield>
    <subfield code="p">03004876</subfield>
    <subfield code="r">2023-11-27</subfield>
    <subfield code="t">3</subfield>
    <subfield code="w">2023-11-27</subfield>
    <subfield code="y">029</subfield>
  </datafield>
</record>
